[Event "Barcelona Sant Marti op 05th"]
[Site "Barcelona"]
[Date "2003.04.26"]
[Round "1.15"]
[White "Romero Berruezo, Francisco"]
[Black "Serralobos, Carlos"]
[Result "1-0"]
[WhiteElo "2040"]
[BlackElo "1800"]
[PlyCount "127"]
[EventDate "2003.04.26"]
[EventType "swiss"]
[EventRounds "9"]
[EventCountry "ESP"]
[SourceTitle "EXT 2004"]
[Source "ChessBase"]
[SourceDate "2003.11.25"]
[SourceVersion "1"]
[SourceVersionDate "2003.11.25"]
[SourceQuality "1"]

1. e4 c5 2. Nc3 d6 3. g3 Nf6 4. Bg2 g6 5. f4 Bg7 6. d3 0-0 7. Nf3 Nc6 8. 0-0 Bd7 9. h3 Rc8 10. g4 h6 11. Qe1 e5 12. f5 g5 13. Qg3 Nh7 14. Rf2 f6 15. Be3 Ne7 16. h4 Rf7 17. Kh2 Qb6 18. b3 Qb4 19. Bd2 Qa3 20. Bc1 Qb4 21. Bb2 Bc6 22. Nd2 b5 23. Raf1 Rcf8 24. Nd5 Nxd5 25. exd5 Bb7 26. c4 Qa5 27. Ne4 Qb6 28. Bc1 b4 29. Rf3 Qd8 30. Qf2 a5 31. Rh3 Qe7 32. Bf3 Bc8 33. Bd1 Bd7 34. Be3 Bc8 35. Rh1 Qd8 36. Kg1 Bb7 37. Qh2 Ba8 38. Bf3 Bb7 39. Bg2 Bc8 40. Bf3 Bb7 41. hxg5 fxg5 42. Rxh6 Bxh6 43. Qxh6 Rg7 44. Rh5 Rf6 45. Nxf6+ Qxf6 46. Qxf6 Nxf6 47. Rxg5 Bc8 48. Kg2 Ne8 49. Kg3 Kf7 50. Rxg7+ Kxg7 51. Kh4 Nf6 52. Bg5 Bd7 53. Bxf6+ Kxf6 54. g5+ Kf7 55. Bh5+ Kf8 56. Bg6 a4 57. bxa4 Bxa4 58. Kh5 Bc2 59. f6 Bb1 60. Bf5 Bxa2 61. g6 b3 62. g7+ Kf7 63. Be6+ Kxf6 64. g8Q 1-0

[Event "Ubeda op 5th"]
[Site "Ubeda"]
[Date "2000.01.20"]
[Round "2"]
[White "Iordachescu, Viorel"]
[Black "Romero Berruezo, Francisco"]
[Result "1-0"]
[WhiteElo "2560"]
[BlackElo "2107"]
[PlyCount "82"]
[EventDate "2000.01.19"]
[EventType "swiss"]
[EventRounds "10"]
[EventCountry "ESP"]
[SourceTitle "CBM 075"]
[Source "ChessBase"]
[SourceDate "2000.04.05"]
[SourceVersion "1"]
[SourceVersionDate "2000.04.05"]
[SourceQuality "1"]

1. e4 c5 2. Nf3 d6 3. d4 cxd4 4. Nxd4 Nf6 5. Nc3 g6 6. Be2 Bg7 7. 0-0 0-0 8. Re1 Nc6 9. Nb3 Be6 10. Bf1 a5 11. a4 Nb4 12. Nd4 Bd7 13. Ncb5 Qc8 14. c3 Na6 15. Bg5 h6 16. Bh4 Bc6 17. f3 Re8 18. Nb3 Nc7 19. Qd2 Kh7 20. Bf2 Nd7 21. Rad1 Bxb5 22. axb5 a4 23. Nd4 Nc5 24. f4 Nd7 25. Nf3 Rd8 26. Bd4 Bf8 27. f5 g5 28. h4 g4 29. Nh2 f6 30. Nxg4 h5 31. Ne3 Bh6 32. Qe2 Rg8 33. b6 Na6 34. Qxh5 Qe8 35. Qxe8 Raxe8 36. Bb5 Rd8 37. Nd5 Rg7 38. Nc7 Rdg8 39. Bxd7 Rxg2+ 40. Kf1 Rh2 41. Nxa6 bxa6 1-0

[Event "Ubeda op 5th"]
[Site "Ubeda"]
[Date "2000.01.19"]
[Round "1"]
[White "Romero Berruezo, Francisco"]
[Black "Del Rio de Angelis, Salvador Gabriel"]
[Result "0-1"]
[WhiteElo "2107"]
[BlackElo "2463"]
[PlyCount "78"]
[EventDate "2000.01.19"]
[EventType "swiss"]
[EventRounds "10"]
[EventCountry "ESP"]
[SourceTitle "CBM 075"]
[Source "ChessBase"]
[SourceDate "2000.04.05"]
[SourceVersion "1"]
[SourceVersionDate "2000.04.05"]
[SourceQuality "1"]

1. e4 e6 2. d4 d5 3. Nc3 Nf6 4. e5 Nfd7 5. f4 c5 6. Nf3 Nc6 7. Be3 cxd4 8. Nxd4 Bc5 9. Qd2 Bxd4 10. Bxd4 Nxd4 11. Qxd4 Qb6 12. 0-0-0 Qxd4 13. Rxd4 a6 14. Be2 Ke7 15. Re1 Nb8 16. Bf3 Nc6 17. Rd2 Re8 18. Na4 b5 19. Nc5 Bd7 20. f5 Ra7 21. c3 Rc8 22. Kb1 Nxe5 23. fxe6 fxe6 24. Rxe5 Rxc5 25. Rde2 Kf6 26. Bg4 Rc6 27. R5e3 Ra8 28. Rf2+ Ke7 29. Ref3 Be8 30. a3 a5 31. Kc1 b4 32. Kd2 bxc3+ 33. bxc3 Rb8 34. Kc1 Rb3 35. Rb2 Rbxc3+ 36. Rxc3 Rxc3+ 37. Kd2 Rxa3 38. Rb7+ Bd7 39. Bf3 a4 0-1